| 000 | 00539nam a22001817a 4500 | ||
|---|---|---|---|
| 999 |
_c14609 _d14609 |
||
| 003 | AR-CdUCM | ||
| 008 | 190424b ||||| |||| 00| 0 spa d | ||
| 020 | _a978-84-16648-24-5 | ||
| 040 |
_aMUNICIPALIDAD PROVINCIAL DEL CUSCO _cBIBLIOTECA MUNICIPAL DEL CUSCO |
||
| 082 |
_aPI / 800 / _bG79 |
||
| 100 |
_aGravett, Emily _933456 |
||
| 245 | _aEl lobo no nos morderá / | ||
| 260 | _bPicarona, | ||
| 300 |
_a26 páginas ; _bIlustraciones, _c21 cm. |
||
| 650 |
_aLiteratura infantil _9588 |
||
| 942 |
_2ddc _cLIBROS |
||
| 945 |
_aacv _d2019-04-24 |
||